000 00412nam a2200157Ia 4500
008 151213s9999 xx 000 0 und d
100 _aMustafa Kamal
245 _aBangladesh Constitution : Trends and Issues
_cMustafa Kamal
250 _a1st
260 _aDhaka
_bDhaka University Publications Bureow
_c1994
300 _a5061 p.
650 _aLaw
650 _aLaw
700 _aMustafa Kamal
999 _c3129
_d3129